[Event "Bayern-chTT (RL Sued-West)"]
[Site "Bayern 2008/09"]
[Date "2009.03.01"]
[Round "7.1"]
[White "Kostic, Vladimir"]
[Black "Rogobete, Nikolas Johann"]
[Result "1/2-1/2"]
[WhiteElo "2376"]
[BlackElo "2151"]
[PlyCount "73"]
[EventDate "2009.03.??"]
[EventType "team-tourn"]
[EventRounds "9"]
[WhiteTeam "München-SuedOst 1"]
[BlackTeam "Türkheim 1"]

1. e4 d6 2. d4 Nf6 3. Nc3 g6 4. Nf3 Bg7 5. Be2 O-O 6. O-O c6 7. a4 a5 8. h3 Na6
9. Bf4 Nb4 10. Qc1 Re8 11. Rd1 Qb6 12. Bf1 Nd7 13. e5 dxe5 14. dxe5 Nf8 15. Re1
Bf5 16. Re2 Rad8 17. Ne1 h5 18. Nf3 Ne6 19. Be3 Qc7 20. Nh4 Bxe5 21. Nxf5 gxf5
22. Bb6 Qxb6 23. Rxe5 Ng7 24. Re3 Qd4 25. Bd3 e5 26. Bf1 Qd2 27. Re2 Qxc1 28.
Rxc1 f6 29. Nb1 Ne6 30. Na3 Re7 31. c3 Nd3 32. Rd1 Red7 33. Red2 e4 34. Nc4
Nec5 35. Nb6 Rd6 36. Nc4 R6d7 37. Nb6 1/2-1/2

[Event "Bayern-chTT (RL Sued-West)"]
[Site "Bayern 2008/09"]
[Date "2009.03.01"]
[Round "7.2"]
[White "Antemia, Paul"]
[Black "Hoefelsauer, Thomas"]
[Result "1-0"]
[WhiteElo "2088"]
[BlackElo "2068"]
[PlyCount "51"]
[EventDate "2009.03.??"]
[EventType "team-tourn"]
[EventRounds "9"]
[WhiteTeam "Türkheim 1"]
[BlackTeam "München-SuedOst 1"]

1. c4 e5 2. Nc3 Nc6 3. g3 d6 4. Bg2 Be6 5. d3 g6 6. e3 Bg7 7. Nge2 Nge7 8. O-O
O-O 9. Nd5 Qd7 10. Rb1 Nd8 11. b4 c6 12. Nxe7+ Qxe7 13. Nc3 Qd7 14. e4 f5 15.
exf5 gxf5 16. Ne2 d5 17. Qc2 f4 18. gxf4 Bh3 19. f3 Bxg2 20. Kxg2 Ne6 21. fxe5
Bxe5 22. f4 Ng5 23. Kh1 Rf6 24. Rg1 Qh3 25. Rxg5+ Kh8 26. Ng1 1-0

[Event "Bayern-chTT (RL Sued-West)"]
[Site "Bayern 2008/09"]
[Date "2009.03.01"]
[Round "7.3"]
[White "Bucan, Djordje"]
[Black "Fischer, Manfred Dr(57)"]
[Result "0-1"]
[WhiteElo "2089"]
[BlackElo "2109"]
[PlyCount "58"]
[EventDate "2009.03.??"]
[EventType "team-tourn"]
[EventRounds "9"]
[WhiteTeam "München-SuedOst 1"]
[BlackTeam "Türkheim 1"]

1. d4 c5 2. d5 e6 3. e4 d6 4. Bb5+ Nd7 5. Nf3 e5 6. a4 g6 7. a5 Ngf6 8. Nc3 Bg7
9. Bd2 O-O 10. Qc1 Ne8 11. Ra3 Nc7 12. Be2 f5 13. h4 Nf6 14. Bg5 Qe8 15. Bxf6
Bxf6 16. Bc4 Bd7 17. Rb3 Rb8 18. Qe3 b5 19. axb6 axb6 20. h5 f4 21. Qc1 b5 22.
Be2 c4 23. Ra3 b4 24. Ra7 bxc3 25. Rxc7 cxb2 26. Qb1 Bd8 27. Rxd7 Ba5+ 28. Kd1
Qxd7 29. Bxc4 Rfc8 0-1

[Event "Bayern-chTT (RL Sued-West)"]
[Site "Bayern 2008/09"]
[Date "2009.03.01"]
[Round "7.4"]
[White "Groenegress, Wilfried"]
[Black "Hittinger, Christian"]
[Result "1/2-1/2"]
[WhiteElo "2036"]
[BlackElo "2076"]
[PlyCount "49"]
[EventDate "2009.03.??"]
[EventType "team-tourn"]
[EventRounds "9"]
[WhiteTeam "Türkheim 1"]
[BlackTeam "München-SuedOst 1"]

1. e4 c6 2. Nc3 d5 3. d4 dxe4 4. Nxe4 Bf5 5. Ng3 Bg6 6. Nf3 Nd7 7. h4 h6 8. h5
Bh7 9. Bd3 Bxd3 10. Qxd3 e6 11. Bd2 Ngf6 12. O-O-O Be7 13. Ne4 Nxe4 14. Qxe4
Nf6 15. Qe2 Qd5 16. c4 Qe4 17. Qxe4 Nxe4 18. Be3 b5 19. cxb5 cxb5 20. d5 Rc8+
21. Kb1 Bc5 22. Rhe1 exd5 23. Rxd5 O-O 24. Bxc5 Rxc5 25. Rxc5 1/2-1/2

[Event "Bayern-chTT (RL Sued-West)"]
[Site "Bayern 2008/09"]
[Date "2009.03.01"]
[Round "7.5"]
[White "Melzner, Lukas"]
[Black "Tudosa, Daniel"]
[Result "1-0"]
[WhiteElo "1973"]
[BlackElo "2027"]
[PlyCount "105"]
[EventDate "2009.03.??"]
[EventType "team-tourn"]
[EventRounds "9"]
[WhiteTeam "München-SuedOst 1"]
[BlackTeam "Türkheim 1"]

1. c4 Nf6 2. Nc3 e6 3. e4 c5 4. e5 Ng8 5. Nf3 Nc6 6. d4 cxd4 7. Nxd4 a6 8. Nxc6
dxc6 9. Qxd8+ Kxd8 10. Be3 Kc7 11. O-O-O Nh6 12. Na4 b5 13. Nb6 Rb8 14. Nxc8
Rxc8 15. Bxh6 gxh6 16. g3 Bc5 17. f4 Rcd8 18. Be2 Bd4 19. cxb5 axb5 20. Kc2 Rd7
21. Bd3 h5 22. Rhe1 h6 23. Re4 Bc5 24. a4 Rhd8 25. Be2 Rxd1 26. Bxd1 bxa4 27.
Bxh5 Rd7 28. Rxa4 Bg1 29. h3 Be3 30. Re4 Bf2 31. g4 Kd8 32. g5 hxg5 33. fxg5
Bg3 34. h4 Ke7 35. Bf3 Rd5 36. b4 c5 37. Rg4 Rxe5 38. Rxg3 cxb4 39. Rg4 Re3 40.
Bb7 b3+ 41. Kb2 Kf8 42. Rb4 Rh3 43. Bc6 Kg7 44. Ba4 Rh2+ 45. Kxb3 Kg6 46. Kc3
Rh1 47. Kd2 e5 48. Bd1 Rf1 49. Rg4 Rf4 50. h5+ Kf5 51. Rxf4+ exf4 52. h6 Kg6
53. Bc2+ 1-0

[Event "Bayern-chTT (RL Sued-West)"]
[Site "Bayern 2008/09"]
[Date "2009.03.01"]
[Round "7.6"]
[White "Erler, Mark"]
[Black "Ehmer, Fabian"]
[Result "1-0"]
[WhiteElo "1997"]
[BlackElo "1905"]
[PlyCount "93"]
[EventDate "2009.03.??"]
[EventType "team-tourn"]
[EventRounds "9"]
[WhiteTeam "Türkheim 1"]
[BlackTeam "München-SuedOst 1"]

1. d4 d5 2. c4 e6 3. Nf3 Nf6 4. g3 Be7 5. Bg2 O-O 6. O-O b6 7. cxd5 exd5 8. Nc3
Bb7 9. Bf4 Nh5 10. Be3 f5 11. Qd2 c6 12. Rac1 Qd6 13. Ne5 Nd7 14. Nd3 Ndf6 15.
f3 h6 16. b4 a6 17. a4 Nd7 18. a5 g5 19. Bh3 Rae8 20. Bf2 f4 21. Bxd7 Qxd7 22.
g4 Ng7 23. axb6 Qd8 24. Na4 Ne6 25. Nac5 Nxc5 26. bxc5 Bf6 27. Nb4 Qe7 28. Rc2
Ra8 29. Ra1 Qe6 30. Ra5 Rfe8 31. Qd3 Qc8 32. Qg6+ Bg7 33. Kf1 Re6 34. Qd3 h5
35. h3 hxg4 36. hxg4 Rh6 37. Kg2 Bf6 38. Rc1 Kg7 39. Raa1 Qe6 40. Rh1 Rxh1 41.
Rxh1 Kf7 42. Qh7+ Bg7 43. Nd3 Rg8 44. Rh5 Re8 45. Ne5+ Kf8 46. Rxg5 Qh6 47.
Rf5+ 1-0

[Event "Bayern-chTT (RL Sued-West)"]
[Site "Bayern 2008/09"]
[Date "2009.03.01"]
[Round "7.7"]
[White "Hoennekes, Klaus"]
[Black "Epple, Ulrich"]
[Result "1-0"]
[WhiteElo "2006"]
[BlackElo "1973"]
[PlyCount "87"]
[EventDate "2009.03.??"]
[EventType "team-tourn"]
[EventRounds "9"]
[WhiteTeam "München-SuedOst 1"]
[BlackTeam "Türkheim 1"]

1. e4 c5 2. Nc3 e6 3. g3 Nc6 4. Bg2 d6 5. d3 Nf6 6. Nh3 Be7 7. O-O a6 8. a4 O-O
9. f4 Qc7 10. g4 Ne8 11. f5 f6 12. fxe6 Bxe6 13. Nf4 Bf7 14. Nfd5 Qd8 15. a5
Nc7 16. Bd2 Nxd5 17. Nxd5 Bxd5 18. exd5 Ne5 19. Ra4 b5 20. axb6 Qxb6 21. Bc3
Qb5 22. b3 Qd7 23. h3 Rf7 24. Qe2 Bf8 25. Rfa1 Re8 26. Re4 g6 27. Rf1 Bh6 28.
Bxe5 dxe5 29. Ra4 Qd6 30. d4 cxd4 31. Rxa6 Qc5 32. Qc4 Be3+ 33. Kh1 Qf8 34. d6
Rc8 35. Qe6 Re8 36. Qc4 Rc8 37. Qa4 Re8 38. Qc4 Rc8 39. Qa4 Rd8 40. Bd5 Kh8 41.
Bxf7 Qxf7 42. Qc4 Qb7+ 43. Qc6 Qb4 44. d7 1-0

[Event "Bayern-chTT (RL Sued-West)"]
[Site "Bayern 2008/09"]
[Date "2009.03.01"]
[Round "7.8"]
[White "Zellweger, Wilfried"]
[Black "Stadler, Wolfgang(65)"]
[Result "1/2-1/2"]
[WhiteElo "1967"]
[BlackElo "1997"]
[PlyCount "44"]
[EventDate "2009.03.??"]
[EventType "team-tourn"]
[EventRounds "9"]
[WhiteTeam "Türkheim 1"]
[BlackTeam "München-SuedOst 1"]

1. e4 e6 2. d4 d5 3. Nc3 Bb4 4. Bd2 dxe4 5. Qg4 Nf6 6. Qxg7 Rg8 7. Qh6 Qxd4 8.
O-O-O Bf8 9. Qh4 Rg4 10. Qh3 Qxf2 11. Be2 Rh4 12. Qxh4 Qxh4 13. g3 e3 14. gxh4
exd2+ 15. Kb1 Bb4 16. Rxd2 Bxc3 17. bxc3 Ne4 18. Nf3 Nxd2+ 19. Nxd2 Nc6 20. Rg1
Kf8 21. Ne4 Ne5 22. Nf6 Ke7 1/2-1/2

[Event "Bayern-chTT (RL Sued-West)"]
[Site "Bayern 2008/09"]
[Date "2009.03.01"]
[Round "7.1"]
[White "Jussupow, Nadia"]
[Black "Hornung, Hans Dr"]
[Result "0-1"]
[WhiteElo "2123"]
[BlackElo "2022"]
[PlyCount "98"]
[EventDate "2009.03.??"]
[EventType "team-tourn"]
[EventRounds "9"]
[WhiteTeam "Krumbach 2"]
[BlackTeam "Klosterlechfeld 1"]

1. d4 Nf6 2. Nf3 d5 3. e3 c5 4. Bb5+ Bd7 5. Qe2 e6 6. Ne5 Nc6 7. Nxd7 Qxd7 8.
c3 Be7 9. Nd2 O-O 10. O-O a6 11. Ba4 Nxd4 12. Qd1 Nc6 13. f4 b5 14. Bc2 Rfd8
15. Nf3 Qc7 16. Ng5 h6 17. Qf3 Rac8 18. e4 hxg5 19. fxg5 Ne5 20. Qh3 Nxe4 21.
Bf4 Bd6 22. Bxe5 Bxe5 23. g6 Bxh2+ 24. Qxh2 Qxh2+ 25. Kxh2 f5 26. Rae1 Rf8 27.
Rf4 Rf6 28. g4 fxg4 29. Rxg4 Nd6 30. Re5 Ne8 31. Kg2 Kf8 32. Rh4 Ke7 33. a4 Kd6
34. Rg5 Rc7 35. Rh8 Re7 36. axb5 axb5 37. Bd3 c4 38. Be2 e5 39. Rh1 Nc7 40. Ra1
d4 41. Bg4 d3 42. Ra3 e4 43. b3 Re5 44. Rxe5 Kxe5 45. bxc4 Rxg6 46. Kh3 bxc4
47. Ra5+ Nd5 48. Rc5 Kd6 49. Rxc4 Rxg4 0-1

[Event "Bayern-chTT (RL Sued-West)"]
[Site "Bayern 2008/09"]
[Date "2009.03.01"]
[Round "7.2"]
[White "Heinrich, Lorenz"]
[Black "Jussupow, Ekaterina"]
[Result "0-1"]
[WhiteElo "2042"]
[BlackElo "2180"]
[PlyCount "82"]
[EventDate "2009.03.??"]
[EventType "team-tourn"]
[EventRounds "9"]
[WhiteTeam "Klosterlechfeld 1"]
[BlackTeam "Krumbach 2"]

1. e4 e5 2. Nc3 Nf6 3. Bc4 Bc5 4. d3 d6 5. f4 Ng4 6. Nh3 Qh4+ 7. Kd2 O-O 8. Nd5
Na6 9. Bxa6 bxa6 10. Nxc7 Rb8 11. c3 f5 12. b4 Be3+ 13. Ke2 exf4 14. Rf1 fxe4
15. dxe4 Ne5 16. Qd5+ Kh8 17. Bxe3 Bg4+ 18. Kd2 fxe3+ 19. Kc2 Rxf1 20. Rxf1 e2
21. Rc1 e1=Q 22. Rxe1 Qxe1 23. Qxd6 Qxe4+ 24. Kb3 Qc4+ 25. Kb2 Qe2+ 26. Kb3
Qd1+ 27. Qxd1 Bxd1+ 28. Kb2 a5 29. a3 axb4 30. axb4 a5 31. Nd5 a4 32. Ne3 Be2
33. Ng5 Kg8 34. Ne6 Nd3+ 35. Kc2 Ne5 36. Nc5 a3 37. Kb3 Ra8 38. Ka2 Kf7 39. Nf5
Bc4+ 40. Nb3 Bxb3+ 41. Kxb3 a2 0-1

[Event "Bayern-chTT (RL Sued-West)"]
[Site "Bayern 2008/09"]
[Date "2009.03.01"]
[Round "7.3"]
[White "Lutz, Albert(45)"]
[Black "Steffen, Kevin"]
[Result "1/2-1/2"]
[WhiteElo "2045"]
[BlackElo "1990"]
[PlyCount "90"]
[EventDate "2009.03.??"]
[EventType "team-tourn"]
[EventRounds "9"]
[WhiteTeam "Krumbach 2"]
[BlackTeam "Klosterlechfeld 1"]

1. Nf3 Nf6 2. c4 e6 3. g3 Be7 4. Bg2 O-O 5. O-O d5 6. d4 Nbd7 7. Qc2 c6 8. Nbd2
b5 9. b3 Ba6 10. c5 Qc7 11. Bb2 Rfe8 12. b4 Bb7 13. Bc3 Ng4 14. h3 Nh6 15. Ne5
f6 16. Nxd7 Qxd7 17. e4 Nf7 18. Rfe1 f5 19. exd5 exd5 20. a4 Ba6 21. Bf1 Ng5
22. h4 Ne4 23. Bh3 Nxd2 24. Bxd2 g6 25. Bf4 bxa4 26. Rxa4 Bb5 27. Raa1 Bf6 28.
Be3 Re7 29. Qd2 Rae8 30. Ra3 a6 31. Rea1 Re4 32. Bg2 R4e7 33. Bf3 Re6 34. Kg2
Qg7 35. Rd1 Qb7 36. h5 Bc4 37. Raa1 Rb8 38. Rab1 Qb5 39. hxg6 hxg6 40. Rh1 Rb7
41. Bg5 Bg7 42. Rbe1 Re4 43. Bxe4 dxe4 44. Qe3 Rd7 45. Rd1 Be2 1/2-1/2

[Event "Bayern-chTT (RL Sued-West)"]
[Site "Bayern 2008/09"]
[Date "2009.03.01"]
[Round "7.4"]
[White "Heinrich, Helmut(60)"]
[Black "Link, Ulrich Dr"]
[Result "0-1"]
[WhiteElo "2006"]
[BlackElo "2112"]
[PlyCount "112"]
[EventDate "2009.03.??"]
[EventType "team-tourn"]
[EventRounds "9"]
[WhiteTeam "Klosterlechfeld 1"]
[BlackTeam "Krumbach 2"]

1. f4 d6 2. d4 e5 3. dxe5 dxe5 4. Qxd8+ Kxd8 5. fxe5 Bf5 6. c3 Nc6 7. Bf4 Nge7
8. Nf3 Nd5 9. Bg5+ Be7 10. Nbd2 Bxg5 11. Nxg5 Ne3 12. Nxf7+ Ke7 13. Nxh8 Nc2+
14. Kf2 Nxa1 15. e4 Be6 16. Bb5 Nxe5 17. Rxa1 Rxh8 18. h3 Rd8 19. Ke3 Rd6 20.
b3 Bd7 21. Be2 Rg6 22. Bf3 Rc6 23. Be2 Rg6 24. Nf3 Nf7 25. Bf1 c5 26. Rd1 Bc6
27. Nh4 Rg3+ 28. Nf3 Nd6 29. Kf4 Rg6 30. e5 Nf7 31. Re1 Bd5 32. h4 Rh6 33. g3
Rh5 34. Ng5 Nxg5 35. hxg5 Rh2 36. Re2 Rh1 37. Bg2 Bxg2 38. Rxg2 Rf1+ 39. Ke4
Ke6 40. Rh2 Re1+ 41. Kd3 Rxe5 42. Rxh7 Rxg5 43. Kc4 Rxg3 44. Rh8 a6 45. a4 Kd6
46. a5 Rg4+ 47. Kd3 Kc6 48. Rc8+ Kb5 49. Rb8 Rg3+ 50. Kc2 Kc6 51. Rd8 Kc7 52.
Re8 c4 53. bxc4 g5 54. Kb3 Rg1 55. Rg8 Kd6 56. Ka4 Ke5 0-1

[Event "Bayern-chTT (RL Sued-West)"]
[Site "Bayern 2008/09"]
[Date "2009.03.01"]
[Round "7.5"]
[White "Gayer, Michael"]
[Black "Winterkamp, Stefan"]
[Result "1/2-1/2"]
[WhiteElo "1996"]
[BlackElo "1978"]
[PlyCount "30"]
[EventDate "2009.03.??"]
[EventType "team-tourn"]
[EventRounds "9"]
[WhiteTeam "Krumbach 2"]
[BlackTeam "Klosterlechfeld 1"]

1. d4 Nf6 2. c4 e6 3. Nc3 b6 4. e4 Bb7 5. d5 exd5 6. exd5 Qe7+ 7. Qe2 Qxe2+ 8.
Ngxe2 Bb4 9. a3 Be7 10. Bf4 d6 11. Nd4 Nh5 12. Be3 O-O 13. Be2 Nf6 14. O-O a6
15. Rfe1 Re8 1/2-1/2

[Event "Bayern-chTT (RL Sued-West)"]
[Site "Bayern 2008/09"]
[Date "2009.03.01"]
[Round "7.6"]
[White "Birnbaum, Karsten"]
[Black "Maurer, Rainer(63)"]
[Result "1/2-1/2"]
[WhiteElo "1933"]
[BlackElo "1911"]
[PlyCount "52"]
[EventDate "2009.03.??"]
[EventType "team-tourn"]
[EventRounds "9"]
[WhiteTeam "Klosterlechfeld 1"]
[BlackTeam "Krumbach 2"]

1. d4 Nf6 2. g3 g6 3. Bg2 Bg7 4. Nf3 O-O 5. O-O d6 6. c4 Nbd7 7. Nc3 e5 8. Qc2
exd4 9. Nxd4 a6 10. Rd1 Rb8 11. b4 Ne5 12. c5 Qe7 13. Bg5 Qe8 14. Bxf6 Bxf6 15.
Ne4 Be7 16. cxd6 cxd6 17. Qc7 Bd7 18. Nxd6 Bxd6 19. Qxd6 Ba4 20. Rdc1 Rd8 21.
Qc5 Qd7 22. Qxe5 Qxd4 23. Qxd4 Rxd4 24. Bxb7 Bb5 25. a4 Bxe2 26. Re1 Rxb4
1/2-1/2

[Event "Bayern-chTT (RL Sued-West)"]
[Site "Bayern 2008/09"]
[Date "2009.03.01"]
[Round "7.7"]
[White "Gulde, Josef(49)"]
[Black "King, Alexander"]
[Result "0-1"]
[WhiteElo "1862"]
[BlackElo "1887"]
[PlyCount "58"]
[EventDate "2009.03.??"]
[EventType "team-tourn"]
[EventRounds "9"]
[WhiteTeam "Krumbach 2"]
[BlackTeam "Klosterlechfeld 1"]

1. d4 Nf6 2. Bg5 Ne4 3. h4 d5 4. Nd2 Nxd2 5. Qxd2 h6 6. Bf4 Bf5 7. e3 e6 8. Nf3
Bd6 9. Bxd6 Qxd6 10. O-O-O Nd7 11. Bd3 Bxd3 12. Qxd3 O-O-O 13. g3 Kb8 14. Kb1
Rc8 15. e4 Rhd8 16. e5 Qf8 17. c4 dxc4 18. Qxc4 Nb6 19. Qb3 a5 20. Rd3 a4 21.
Qc2 c5 22. dxc5 Rxd3 23. Qxd3 Qxc5 24. Qd2 Nc4 25. Qe2 Qb5 26. Ka1 Rd8 27. Rb1
Na3 28. Qe4 Nxb1 29. Kxb1 a3 0-1

[Event "Bayern-chTT (RL Sued-West)"]
[Site "Bayern 2008/09"]
[Date "2009.03.01"]
[Round "7.8"]
[White "Luettge, Bernd"]
[Black "Fischer, Ernst(68)"]
[Result "1-0"]
[WhiteElo "1976"]
[BlackElo "1841"]
[PlyCount "69"]
[EventDate "2009.03.??"]
[EventType "team-tourn"]
[EventRounds "9"]
[WhiteTeam "Klosterlechfeld 1"]
[BlackTeam "Krumbach 2"]

1. c4 g6 2. g3 Bg7 3. Bg2 d6 4. Nc3 Nc6 5. Nf3 e5 6. Rb1 f5 7. d3 Nf6 8. b4 O-O
9. O-O h6 10. b5 Ne7 11. c5 Be6 12. a4 Rb8 13. Ba3 g5 14. Nd2 f4 15. cxd6 cxd6
16. Nde4 d5 17. Bxe7 Qxe7 18. Nxf6+ Qxf6 19. Bxd5 Bxd5 20. Nxd5 Qf7 21. Nc3 Kh8
22. Ne4 g4 23. f3 h5 24. Qe1 Qg6 25. Kh1 Rf5 26. gxf4 exf4 27. Rg1 Bd4 28. Rg2
Rc8 29. Qb4 Be3 30. Nd6 Bc5 31. Qc3+ Kh7 32. Nxc8 Qe8 33. Rc1 Qxc8 34. d4 b6
35. Qd3 1-0

[Event "Bayern-chTT (RL Sued-West)"]
[Site "Bayern 2008/09"]
[Date "2009.03.15"]
[Round "8.1"]
[White "Jussupow, Nadia"]
[Black "Schreiner, Richard"]
[Result "0-1"]
[WhiteElo "2123"]
[BlackElo "2096"]
[PlyCount "80"]
[EventDate "2009.03.??"]
[EventType "team-tourn"]
[EventRounds "9"]
[WhiteTeam "Krumbach 2"]
[BlackTeam "Garching 2"]

1. d4 Nf6 2. Nf3 e6 3. Bg5 Be7 4. e3 b6 5. Bd3 Bb7 6. Nbd2 O-O 7. c3 c5 8. Qc2
h6 9. h4 Nc6 10. Bxf6 Bxf6 11. g4 Be7 12. Ne4 Rc8 13. a3 Qc7 14. O-O-O cxd4 15.
exd4 Qf4+ 16. Nfd2 Nxd4 17. Qa4 Nf3 18. g5 Kh8 19. gxh6 gxh6 20. Rh3 Nxd2 21.
Rxd2 d5 22. Qxa7 Qc7 23. Qa4 dxe4 24. Qd4+ f6 25. Qe3 Bc5 26. Qxh6+ Qh7 27.
Qxh7+ Kxh7 28. Bc4 Bd5 29. Bxd5 exd5 30. Rxd5 Bxf2 31. Rh2 Be3+ 32. Kc2 f5 33.
Rd7+ Kh6 34. Rg2 Rg8 35. Re2 f4 36. b4 Rg1 37. Kb2 Rf8 38. Kb3 Rf6 39. Re7 f3
40. Rxe3 f2 0-1

[Event "Bayern-chTT (RL Sued-West)"]
[Site "Bayern 2008/09"]
[Date "2009.03.15"]
[Round "8.2"]
[White "Englert, Jan"]
[Black "Jussupow, Ekaterina"]
[Result "0-1"]
[WhiteElo "2071"]
[BlackElo "2180"]
[PlyCount "110"]
[EventDate "2009.03.??"]
[EventType "team-tourn"]
[EventRounds "9"]
[WhiteTeam "Garching 2"]
[BlackTeam "Krumbach 2"]

1. d4 Nf6 2. Nc3 d5 3. Bg5 Bf5 4. e3 e6 5. Bd3 Bg6 6. Nf3 Be7 7. Ne5 Nbd7 8.
Nxg6 hxg6 9. Qe2 c6 10. Nb1 e5 11. c3 e4 12. Bc2 Qc7 13. h3 Bd6 14. Bxf6 gxf6
15. Nd2 f5 16. O-O-O b5 17. f4 exf3 18. gxf3 O-O-O 19. e4 fxe4 20. fxe4 dxe4
21. Nxe4 Bf4+ 22. Kb1 f5 23. Nc5 Nxc5 24. dxc5 Qe5 25. Qg2 Qf6 26. Rd6 Rxd6 27.
cxd6 Qxd6 28. Rd1 Qf6 29. Qf2 Bb8 30. Qd2 Rd8 31. Qxd8+ Qxd8 32. Rxd8+ Kxd8 33.
Kc1 Ke7 34. Kd2 Bf4+ 35. Ke2 Kf6 36. b3 Ke5 37. Kf3 Bd2 38. c4 b4 39. Bd3 Kd4
40. Ke2 Bg5 41. c5 Be7 42. Ba6 Bxc5 43. Bb7 Kd5 44. Bc8 Be7 45. Bd7 c5 46. Be8
g5 47. Ke3 Ke5 48. Bf7 g4 49. hxg4 fxg4 50. Bh5 Bg5+ 51. Ke2 Kf4 52. Bf7 Ke4
53. Bh5 g3 54. Bf3+ Kd4 55. Bc6 Bf4 0-1

[Event "Bayern-chTT (RL Sued-West)"]
[Site "Bayern 2008/09"]
[Date "2009.03.15"]
[Round "8.3"]
[White "Jussupow, Alexander"]
[Black "Rusche, Johannes"]
[Result "0-1"]
[WhiteElo "2049"]
[BlackElo "2036"]
[PlyCount "82"]
[EventDate "2009.03.??"]
[EventType "team-tourn"]
[EventRounds "9"]
[WhiteTeam "Krumbach 2"]
[BlackTeam "Garching 2"]

1. d4 Nf6 2. Nf3 c5 3. e3 g6 4. dxc5 Qa5+ 5. Nbd2 Bg7 6. c4 Qxc5 7. Bd3 d6 8.
a3 Qc7 9. O-O O-O 10. Rb1 b6 11. b4 Bb7 12. Bb2 Nbd7 13. Qe2 Rac8 14. Rfd1 Qb8
15. Rbc1 Qa8 16. Ne1 Rc7 17. Nb3 Rfc8 18. Rc2 a6 19. a4 Bc6 20. b5 axb5 21.
axb5 Be4 22. Bd4 Bxd3 23. Qxd3 Qe4 24. Nd2 Qe6 25. Nef3 h6 26. Rdc1 Qg4 27. h3
Qh5 28. e4 g5 29. Nf1 Qg6 30. Ng3 e6 31. Qe3 Nc5 32. e5 Ne8 33. Bxc5 dxc5 34.
Rd2 h5 35. Rcd1 Bh6 36. Rd7 g4 37. Qc3 gxf3 38. Qxf3 Rxd7 39. Rxd7 Ng7 40. Qb7
Rf8 41. Ne4 Ne8 0-1

[Event "Bayern-chTT (RL Sued-West)"]
[Site "Bayern 2008/09"]
[Date "2009.03.15"]
[Round "8.4"]
[White "Wittke, Volker"]
[Black "Lutz, Albert(45)"]
[Result "1/2-1/2"]
[WhiteElo "2084"]
[BlackElo "2045"]
[PlyCount "50"]
[EventDate "2009.03.??"]
[EventType "team-tourn"]
[EventRounds "9"]
[WhiteTeam "Garching 2"]
[BlackTeam "Krumbach 2"]

1. e4 d5 2. exd5 Nf6 3. d4 Nxd5 4. c4 Nb6 5. Nc3 g6 6. Be3 Bg7 7. Rc1 Nc6 8. d5
Nb8 9. Be2 c6 10. dxc6 Nxc6 11. Qxd8+ Nxd8 12. Nf3 Nc6 13. Nb5 O-O 14. b3 Nd7
15. O-O Nf6 16. Rfd1 Bg4 17. h3 Bd7 18. Rd2 Rfc8 19. Rcd1 Be8 20. Nc3 Ng4 21.
hxg4 Bxc3 22. Rd3 Bg7 23. R3d2 Bc3 24. Rd3 Bg7 25. R3d2 Bc3 1/2-1/2

[Event "Bayern-chTT (RL Sued-West)"]
[Site "Bayern 2008/09"]
[Date "2009.03.15"]
[Round "8.5"]
[White "Link, Ulrich Dr"]
[Black "Mueller, Marcus(63)"]
[Result "1-0"]
[WhiteElo "2112"]
[BlackElo "2132"]
[PlyCount "75"]
[EventDate "2009.03.??"]
[EventType "team-tourn"]
[EventRounds "9"]
[WhiteTeam "Krumbach 2"]
[BlackTeam "Garching 2"]

1. d4 Nf6 2. Nf3 g6 3. Nbd2 d5 4. e3 Bg7 5. Bd3 O-O 6. b4 a5 7. b5 a4 8. O-O c5
9. bxc6 bxc6 10. Ba3 Ba6 11. Re1 Re8 12. Qe2 Nfd7 13. Rab1 e5 14. dxe5 Bxd3 15.
cxd3 Nxe5 16. Nxe5 Bxe5 17. Nf3 Bd6 18. Qb2 Qe7 19. Bxd6 Qxd6 20. Rec1 Nd7 21.
Qc3 c5 22. Qa3 Qa6 23. d4 c4 24. Rb2 Rab8 25. Rxb8 Rxb8 26. h4 h6 27. Re1 Nf6
28. Ne5 Qa5 29. Qc1 Rb6 30. e4 Nxe4 31. Nxc4 dxc4 32. Rxe4 Qd5 33. Qe3 c3 34.
Re8+ Kg7 35. Qxc3 Rc6 36. Qa3 Qxd4 37. Qf8+ Kf6 38. Qh8+ 1-0

[Event "Bayern-chTT (RL Sued-West)"]
[Site "Bayern 2008/09"]
[Date "2009.03.15"]
[Round "8.6"]
[White "Lutz, Gerhard(65)"]
[Black "Riedel, Lutz"]
[Result "1-0"]
[WhiteElo "2084"]
[BlackElo "1997"]
[PlyCount "151"]
[EventDate "2009.03.??"]
[EventType "team-tourn"]
[EventRounds "9"]
[WhiteTeam "Garching 2"]
[BlackTeam "Krumbach 2"]

1. e4 c5 2. Nc3 Nc6 3. Bb5 g6 4. Bxc6 bxc6 5. d3 Bg7 6. f4 d6 7. Nf3 Nf6 8. O-O
O-O 9. Qe1 a5 10. b3 Nd7 11. Bb2 e5 12. fxe5 Nxe5 13. Nxe5 Bxe5 14. Na4 Bxb2
15. Nxb2 Be6 16. Qc3 Qg5 17. Rae1 f5 18. Nc4 fxe4 19. dxe4 Rxf1+ 20. Rxf1 d5
21. Qf6 Qxf6 22. Rxf6 Bg4 23. Ne3 Bd7 24. exd5 cxd5 25. Nxd5 Bf5 26. Ne3 Be4
27. Re6 Bb7 28. Re7 Ba6 29. c4 a4 30. Rc7 axb3 31. axb3 Rb8 32. Rxc5 Rxb3 33.
Kf2 Rb4 34. Rc7 Bb7 35. h4 h6 36. Kg3 Rb3 37. Kf4 Rb6 38. Ke5 Rb3 39. Nd5 Ba6
40. c5 Rg3 41. Nf6+ Kf8 42. Ra7 Bb5 43. Ra2 Bc6 44. Nd5 Rg4 45. Kd6 Bb5 46.
Rf2+ Kg7 47. c6 Bxc6 48. Kxc6 Rxh4 49. Kd6 Re4 50. Nc3 Re3 51. Rc2 h5 52. Kd5
Kf6 53. Kd4 Re1 54. Re2 Rc1 55. Ne4+ Kf5 56. Rf2+ Kg4 57. Rf6 g5 58. Rg6 Kf4
59. g3+ Kf3 60. Rxg5 Rd1+ 61. Ke5 Rd8 62. Nf6 Ra8 63. Nxh5 Ra5+ 64. Kf6 Ra6+
65. Kg7 Ra4 66. Nf6 Ra8 67. g4 Ra7+ 68. Kg6 Kg3 69. Rd5 Kh4 70. g5 Rb7 71. Rd4+
Kg3 72. Kf5 Kf3 73. g6 Ke3 74. Rd7 Rb1 75. g7 Rf1+ 76. Ke6 1-0

[Event "Bayern-chTT (RL Sued-West)"]
[Site "Bayern 2008/09"]
[Date "2009.03.15"]
[Round "8.8"]
[White "Dehlinger, Alexander"]
[Black "Gulde, Josef(49)"]
[Result "1-0"]
[WhiteElo "2002"]
[BlackElo "1862"]
[PlyCount "81"]
[EventDate "2009.03.??"]
[EventType "team-tourn"]
[EventRounds "9"]
[WhiteTeam "Garching 2"]
[BlackTeam "Krumbach 2"]

1. e4 c5 2. Nf3 Nc6 3. d4 cxd4 4. Nxd4 Nf6 5. Nc3 e5 6. Ndb5 d6 7. Bg5 a6 8.
Na3 b5 9. Bxf6 Qxf6 10. Nd5 Qd8 11. c3 Be7 12. Nc2 O-O 13. Bd3 Be6 14. Nce3 g6
15. O-O f5 16. exf5 gxf5 17. a4 e4 18. Nf4 Bf7 19. axb5 Ne5 20. Be2 Bg5 21.
Ned5 Bxf4 22. Nxf4 Qg5 23. g3 axb5 24. Qxd6 Nc4 25. Bxc4 Bxc4 26. Rxa8 Rxa8 27.
Rd1 Re8 28. Nd5 Rd8 29. Nf6+ Qxf6 30. Qxd8+ Qxd8 31. Rxd8+ Kg7 32. Rd6 Kf7 33.
Rh6 Kg7 34. Rb6 Kf7 35. b3 Bxb3 36. Rxb5 Be6 37. f3 exf3 38. Kf2 Kf6 39. Rb6
Ke5 40. Rxe6+ Kxe6 41. Kxf3 1-0

[Event "Bayern-chTT (RL Sued-West)"]
[Site "Bayern 2008/09"]
[Date "2009.03.15"]
[Round "8.1"]
[White "Hoy, Bernd"]
[Black "Kostic, Vladimir"]
[Result "0-1"]
[WhiteElo "2239"]
[BlackElo "2376"]
[PlyCount "58"]
[EventDate "2009.03.??"]
[EventType "team-tourn"]
[EventRounds "9"]
[WhiteTeam "Klosterlechfeld 1"]
[BlackTeam "München-SuedOst 1"]

1. e4 e6 2. d4 d5 3. Nc3 Nf6 4. Bg5 dxe4 5. Nxe4 Be7 6. Bxf6 gxf6 7. Nf3 a6 8.
Qd2 b5 9. Bd3 Bb7 10. O-O-O f5 11. Ng3 Bxf3 12. gxf3 Qd5 13. Kb1 Nc6 14. c3
Qxf3 15. Rhe1 Qd5 16. Bf1 O-O-O 17. f4 Bh4 18. a4 Rhg8 19. axb5 axb5 20. Bg2
Qc4 21. Qc2 Na5 22. b4 Bxg3 23. Bf1 Bxe1 24. Bxc4 Nxc4 25. Qa2 Kb7 26. Rxe1 Ra8
27. Qf2 Ra3 28. Qf3+ c6 29. Re2 Rg1+ 0-1